000
00455nam a2200181Ia 4500
008
100917s9999 xx 000 0 und d
082
_b
49016
100
_a
गोखले अरविंद
245
_a
कमळण
260
_b
पुणे साहित्य वितरण
_c
1981
300
_a
186
365
_b
22
520
_a
कथा
630
_a
कमळण
650
_a
कथा
730
_a
कमळण
942
_c
BOOK
999
_c
654410
_d
654407